[Event "26th 4NCL Congress"]
[Site "Woodland Grange, Leamington Spa"]
[Date "2021.09.12"]
[Round "5.8"]
[White "Dias, Savin"]
[Black "Bradbury, Neil H"]
[Result "0-1"]
[WhiteElo "2155"]
[BlackElo "2339"]
[PlyCount "0"]
[EventDate "2021.09.10"]

1. e4 {[%clk 01:24:35]} {[%emt 00:06:23]} c5 {[%clk 01:30:39]} {[%emt
00:00:21]} 2. Nf3 {[%clk 01:25:01]} {[%emt 00:00:04]} e6 {[%clk 01:31:04]}
{[%emt 00:00:05]} 3. b3 {[%clk 01:25:28]} {[%emt 00:00:03]} Nc6 {[%clk
01:31:00]} {[%emt 00:00:33]} 4. Bb2 {[%clk 01:25:51]} {[%emt 00:00:07]} d6
{[%clk 01:30:33]} {[%emt 00:00:57]} 5. d4 {[%clk 01:25:34]} {[%emt 00:00:48]}
cxd4 {[%clk 01:26:09]} {[%emt 00:04:53]} 6. Nxd4 {[%clk 01:25:53]} {[%emt
00:00:12]} Nxd4 {[%clk 01:23:58]} {[%emt 00:02:41]} 7. Qxd4 {[%clk 01:25:40]}
{[%emt 00:00:43]} Nf6 {[%clk 01:24:21]} {[%emt 00:00:06]} 8. Bb5+ {[%clk
01:24:23]} {[%emt 00:01:48]} Bd7 {[%clk 01:24:30]} {[%emt 00:00:20]} 9. Bxd7+
{[%clk 01:23:26]} {[%emt 00:01:28]} Qxd7 {[%clk 01:24:50]} {[%emt 00:00:10]} 10.
c4 {[%clk 01:22:23]} {[%emt 00:01:33]} Be7 {[%clk 01:23:57]} {[%emt 00:01:22]}
11. Nc3 {[%clk 01:20:55]} {[%emt 00:01:58]} O-O {[%clk 01:23:28]} {[%emt
00:00:59]} 12. O-O-O {[%clk 01:16:27]} {[%emt 00:04:58]} Qc6 {[%clk 01:21:48]}
{[%emt 00:02:09]} 13. Kb1 {[%clk 01:00:23]} {[%emt 00:16:36]} a6 {[%clk
01:21:50]} {[%emt 00:00:28]} 14. a4 {[%clk 00:57:29]} {[%emt 00:03:24]} Rfd8
{[%clk 01:18:53]} {[%emt 00:03:27]} 15. f3 {[%clk 00:51:39]} {[%emt 00:06:19]}
Bf8 {[%clk 01:10:34]} {[%emt 00:08:48]} 16. e5 {[%clk 00:36:09]} {[%emt
00:16:02]} dxe5 {[%clk 00:44:48]} {[%emt 00:26:15]} 17. Qxe5 {[%clk 00:33:04]}
{[%emt 00:03:35]} Nd7 {[%clk 00:43:16]} {[%emt 00:02:02]} 18. Qe4 {[%clk
00:26:09]} {[%emt 00:07:23]} Qb6 {[%clk 00:38:59]} {[%emt 00:04:49]} 19. Ka2
{[%clk 00:24:45]} {[%emt 00:01:55]} Nc5 {[%clk 00:39:10]} {[%emt 00:00:18]} 20.
Qc2 {[%clk 00:25:07]} {[%emt 00:00:08]} Qc7 {[%clk 00:38:58]} {[%emt 00:00:42]}
21. Ne4 {[%clk 00:23:08]} {[%emt 00:02:29]} Nxe4 {[%clk 00:25:57]} {[%emt
00:13:31]} 22. Qxe4 {[%clk 00:23:26]} {[%emt 00:00:11]} b5 {[%clk 00:25:46]}
{[%emt 00:00:42]} 23. Qe5 {[%clk 00:16:19]} {[%emt 00:07:38]} Qxe5 {[%clk
00:20:27]} {[%emt 00:05:49]} 24. Bxe5 {[%clk 00:16:43]} {[%emt 00:00:05]} bxc4
{[%clk 00:20:47]} {[%emt 00:00:11]} 25. bxc4 {[%clk 00:16:48]} {[%emt
00:00:25]} Rdc8 {[%clk 00:21:00]} {[%emt 00:00:16]} 26. Kb3 {[%clk 00:14:57]}
{[%emt 00:02:21]} Rc6 {[%clk 00:19:55]} {[%emt 00:01:35]} 27. Rb1 {[%clk
00:13:18]} {[%emt 00:02:09]} f6 {[%clk 00:19:44]} {[%emt 00:00:42]} 28. Bg3
{[%clk 00:12:49]} {[%emt 00:00:59]} e5 {[%clk 00:17:36]} {[%emt 00:02:38]} 29.
Rhc1 {[%clk 00:12:52]} {[%emt 00:00:27]} Rb8+ {[%clk 00:16:42]} {[%emt
00:01:23]} 30. Kc3 {[%clk 00:13:04]} {[%emt 00:00:17]} Rbc8 {[%clk 00:17:05]}
{[%emt 00:00:08]} 31. Kb3 {[%clk 00:13:08]} {[%emt 00:00:26]} Rc5 {[%clk
00:16:03]} {[%emt 00:01:32]} 32. Be1 {[%clk 00:12:08]} {[%emt 00:01:30]} R5c6
{[%clk 00:16:09]} {[%emt 00:00:25]} 33. Bg3 {[%clk 00:12:06]} {[%emt 00:00:31]}
Kf7 {[%clk 00:16:23]} {[%emt 00:00:16]} 34. Rc2 {[%clk 00:11:29]} {[%emt
00:01:07]} Ke6 {[%clk 00:16:32]} {[%emt 00:00:22]} 35. Bf2 {[%clk 00:11:02]}
{[%emt 00:00:56]} h5 {[%clk 00:14:03]} {[%emt 00:02:59]} 36. a5 {[%clk
00:08:45]} {[%emt 00:02:48]} Rb8+ {[%clk 00:11:14]} {[%emt 00:03:18]} 37. Ka2
{[%clk 00:09:08]} {[%emt 00:00:07]} Rxb1 {[%clk 00:10:56]} {[%emt 00:00:49]} 38.
Kxb1 {[%clk 00:09:34]} {[%emt 00:00:04]} Bc5 {[%clk 00:11:04]} {[%emt
00:00:21]} 39. Be1 {[%clk 00:09:57]} {[%emt 00:00:08]} Bd4 {[%clk 00:11:19]}
{[%emt 00:00:14]} 40. Ka2 {[%clk 00:09:53]} {[%emt 00:00:34]} f5 {[%clk
00:10:54]} {[%emt 00:00:55]} 41. Kb3 {[%clk 00:09:28]} {[%emt 00:00:55]} Rc8
{[%clk 00:06:38]} {[%emt 00:04:46]} 42. Bc3 {[%clk 00:08:43]} {[%emt 00:01:15]}
Rb8+ {[%clk 00:04:52]} {[%emt 00:02:16]} 43. Ka4 {[%clk 00:06:43]} {[%emt
00:02:30]} Bxc3 {[%clk 00:04:48]} {[%emt 00:00:34]} 44. Rxc3 {[%clk 00:07:10]}
{[%emt 00:00:04]} e4 {[%clk 00:04:47]} {[%emt 00:00:31]} 45. fxe4 {[%clk
00:04:06]} {[%emt 00:03:33]} fxe4 {[%clk 00:05:15]} {[%emt 00:00:02]} 46. Rb3
{[%clk 00:01:37]} {[%emt 00:02:59]} Rxb3 {[%clk 00:04:40]} {[%emt 00:01:06]} 47.
Kxb3 {[%clk 00:02:03]} {[%emt 00:00:04]} Kd6 {[%clk 00:04:29]} {[%emt
00:00:41]} 48. Kc3 {[%clk 00:02:17]} {[%emt 00:00:15]} Kc5 {[%clk 00:04:58]}
{[%emt 00:00:01]} 49. h4 {[%clk 00:02:15]} {[%emt 00:00:33]} e3 {[%clk
00:05:15]} {[%emt 00:00:13]} 50. Kd3 {[%clk 00:02:40]} {[%emt 00:00:05]} e2
{[%clk 00:05:41]} {[%emt 00:00:04]} 51. Kxe2 {[%clk 00:03:01]} {[%emt
00:00:08]} Kxc4 {[%clk 00:06:08]} {[%emt 00:00:03]} 52. Kf3 {[%clk 00:02:05]}
{[%emt 00:01:26]} Kb5 {[%clk 00:06:34]} {[%emt 00:00:05]} 53. g4 {[%clk
00:01:30]} {[%emt 00:01:05]} Kxa5 {[%emt 00:00:51]} 54. gxh5 {[%clk 00:01:54]}
{[%emt 00:00:05]} Kb5 {[%clk 00:06:33]} {[%emt 00:00:10]} 55. h6 {[%clk
00:02:15]} {[%emt 00:00:09]} gxh6 {[%clk 00:06:57]} {[%emt 00:00:06]} 56. Kg4
{[%clk 00:02:41]} {[%emt 00:00:04]} a5 {[%clk 00:07:19]} {[%emt 00:00:09]} 57.
Kh5 {[%clk 00:03:07]} {[%emt 00:00:03]} a4 {[%clk 00:07:46]} {[%emt 00:00:04]}
58. Kxh6 {[%clk 00:03:33]} {[%emt 00:00:03]} a3 {[%clk 00:08:09]} {[%emt
00:00:08]} 59. h5 {[%clk 00:03:45]} {[%emt 00:00:18]} a2 {[%clk 00:08:35]}
{[%emt 00:00:04]} 60. Kh7 {[%clk 00:03:59]} {[%emt 00:00:16]} a1=Q {[%clk
00:08:51]} {[%emt 00:00:14]} 61. h6 {[%clk 00:04:26]} {[%emt 00:00:03]} Qf6
{[%clk 00:08:57]} {[%emt 00:00:23]} 0-1

[Event "26th 4NCL Congress"]
[Site "Woodland Grange, Leamington Spa"]
[Date "2021.09.12"]
[Round "5.10"]
[White "Sowray, Peter J"]
[Black "James, Russell A"]
[Result "1-0"]
[WhiteElo "2298"]
[BlackElo "2134"]
[PlyCount "75"]
[EventDate "2021.09.10"]
[WhiteClock "0:52:34"]
[BlackClock "1:09:19"]

1. g3 {[%emt 0:01:06]} d5 2. Bg2 Nf6 3. Nf3 g6 4. c4 dxc4 5. Qa4+ c6 6. Qxc4
Bg7 7. O-O O-O 8. Qb3 Qd5 9. Qa3 Qh5 10. d4 Rd8 11. Nc3 Bh3 12. Qb3 Bxg2 13.
Kxg2 b6 14. Ne5 Rf8 15. h3 Qf5 16. e4 Qc8 17. Be3 Qb7 18. Nf3 e6 19. e5 Nd5 20.
Ne4 c5 21. Nxc5 Nxe3+ 22. fxe3 Qc6 23. Nd3 Qb7 24. Kh2 Nc6 25. Nc5 Qe7 26. Ne4
Nb4 27. Nf6+ Bxf6 28. exf6 Qd6 29. e4 Nc6 30. Qe3 Rfe8 31. Rad1 Qf8 32. Rc1
Rac8 33. Rc3 Na5 34. Ne5 Rxc3 35. bxc3 h6 36. Rf4 g5 37. Rg4 Kh7 38. h4 1-0

[Event "26th 4NCL Congress"]
[Site "Woodland Grange, Leamington Spa"]
[Date "2021.09.12"]
[Round "5.11"]
[White "Stubbs, Oliver"]
[Black "French, Max"]
[Result "0-1"]
[WhiteElo "2073"]
[BlackElo "2298"]
[PlyCount "160"]
[EventDate "2021.09.10"]
[WhiteClock "1:30:09"]

1. d4 {[%emt 0:00:49]} Nf6 2. Nf3 e6 3. Bf4 c5 4. e3 b6 5. Nbd2 Bb7 6. c3 Be7
7. h3 O-O 8. Bd3 cxd4 9. exd4 d6 10. O-O Nbd7 11. Bh2 Rc8 12. a4 Qc7 13. Re1
Rfd8 14. Nc4 Bf8 15. Qe2 Nd5 16. a5 N7f6 17. axb6 axb6 18. Ne3 Ra8 19. Nd2 Bc6
20. Bg3 Qb7 21. Ndc4 Nxe3 22. Nxe3 Be7 23. Bh4 Nd5 24. Nxd5 Bxd5 25. Bxe7 Qxe7
26. Rxa8 Bxa8 27. Qh5 g6 28. Qh6 Bc6 29. h4 Ra8 30. Be4 Bxe4 31. Rxe4 Ra1+ 32.
Kh2 Ra5 33. g3 Ra1 34. Qd2 Qb7 35. Re1 Ra5 36. Kg1 Qd5 37. Qc2 Ra2 38. Rd1 b5
39. Qd2 Kg7 40. Qc2 h5 41. Qd2 Qf3 42. Re1 Qd5 43. Rd1 Qb3 44. Rb1 b4 45. cxb4
Ra4 46. b5 Rb4 47. Qe3 Qc2 48. Qc1 Qd3 49. Ra1 Qxd4 50. Qc3 Qxc3 51. bxc3 Rxb5
52. c4 Rb6 53. Kg2 Rc6 54. Ra4 Kf6 55. Kf3 Ke5 56. Ke3 d5 57. cxd5 exd5 58. Ra7
f6 59. Rg7 d4+ 60. Kd3 Rc3+ 61. Kd2 Kf5 62. Rd7 Ke4 63. Rd6 Ke5 64. Rd8 Ke4 65.
Rd6 Ra3 66. Rxf6 Ra2+ 67. Kd1 Kd3 68. Rf3+ Ke4 69. Rf4+ Kd3 70. Rf3+ Kc4 71.
Rf8 Kc3 72. Rf7 Ra1+ 73. Ke2 d3+ 74. Kf3 d2 75. Rc7+ Kb4 76. Rd7 d1=Q+ 77. Rxd1
Rxd1 78. Ke4 Kc5 79. f3 Kd6 80. g4 Ke6 0-1

[Event "26th 4NCL Congress"]
[Site "Woodland Grange, Leamington Spa"]
[Date "2021.09.12"]
[Round "5.12"]
[White "Leslie, Alex"]
[Black "Lalic, Peter D"]
[Result "0-1"]
[WhiteElo "2088"]
[BlackElo "2253"]
[PlyCount "0"]
[EventDate "2021.09.10"]

1. d4 {[%clk 01:30:58]} Nf6 {[%clk 01:28:57]} {[%emt 00:02:03]} 2. c4 {[%clk
01:31:22]} {[%emt 00:00:05]} e5 {[%clk 01:29:06]} {[%emt 00:00:21]} 3. dxe5
{[%clk 01:31:39]} {[%emt 00:00:13]} Ne4 {[%clk 01:29:14]} {[%emt 00:00:21]} 4.
a3 {[%clk 01:29:09]} {[%emt 00:03:01]} Nc6 {[%clk 01:25:40]} {[%emt 00:04:04]}
5. Nf3 {[%clk 01:27:36]} {[%emt 00:02:02]} d6 {[%clk 01:21:01]} {[%emt
00:05:10]} 6. exd6 {[%clk 01:26:20]} {[%emt 00:01:46]} Bxd6 {[%clk 01:18:27]}
{[%emt 00:03:04]} 7. Nbd2 {[%clk 01:25:13]} {[%emt 00:01:36]} Bf5 {[%clk
01:08:02]} {[%emt 00:10:56]} 8. e3 {[%clk 01:18:21]} {[%emt 00:07:22]} Qf6
{[%clk 01:01:17]} {[%emt 00:07:15]} 9. Nxe4 {[%clk 01:12:52]} {[%emt 00:05:59]}
Bxe4 {[%clk 01:01:41]} {[%emt 00:00:06]} 10. Bd3 {[%clk 01:12:43]} {[%emt
00:00:39]} Bxd3 {[%clk 00:58:14]} {[%emt 00:03:56]} 11. Qxd3 {[%clk 01:13:02]}
{[%emt 00:00:12]} O-O-O {[%clk 00:58:07]} {[%emt 00:00:36]} 12. Qc2 {[%clk
01:11:39]} {[%emt 00:01:53]} g5 {[%clk 00:37:53]} {[%emt 00:20:43]} 13. Bd2
{[%clk 01:06:48]} {[%emt 00:05:20]} g4 {[%clk 00:36:59]} {[%emt 00:01:26]} 14.
Bc3 {[%clk 01:06:15]} {[%emt 00:01:03]} Ne5 {[%clk 00:32:03]} {[%emt 00:05:27]}
15. Nd4 {[%clk 00:48:36]} {[%emt 00:18:09]} Rhe8 {[%clk 00:22:59]} {[%emt
00:09:34]} 16. b3 {[%clk 00:42:07]} {[%emt 00:06:59]} Kb8 {[%clk 00:21:15]}
{[%emt 00:02:09]} 17. Qxh7 {[%clk 00:38:09]} {[%emt 00:04:33]} Bc5 {[%clk
00:17:55]} {[%emt 00:03:49]} 18. O-O {[%clk 00:31:44]} {[%emt 00:06:56]} Rh8
{[%clk 00:08:54]} {[%emt 00:09:31]} 19. Qf5 {[%clk 00:29:17]} {[%emt 00:02:56]}
Qh4 {[%clk 00:06:12]} {[%emt 00:03:12]} 20. h3 {[%clk 00:29:38]} {[%emt
00:00:09]} Bd6 {[%clk 00:04:25]} {[%emt 00:02:17]} 21. f4 {[%clk 00:26:41]}
{[%emt 00:03:28]} gxh3 {[%clk 00:03:24]} {[%emt 00:01:31]} 22. Qxh3 {[%clk
00:19:48]} {[%emt 00:07:23]} Qe7 {[%clk 00:03:10]} {[%emt 00:00:43]} 23. Qf5
{[%clk 00:19:09]} {[%emt 00:01:10]} Ng4 {[%clk 00:02:27]} {[%emt 00:01:13]} 24.
Rf3 {[%clk 00:16:36]} {[%emt 00:03:04]} Qh4 {[%clk 00:02:22]} {[%emt 00:00:34]}
25. Kf1 {[%clk 00:15:08]} {[%emt 00:01:58]} Qh1+ {[%clk 00:02:04]} {[%emt
00:00:49]} 26. Ke2 {[%clk 00:15:32]} {[%emt 00:00:05]} Qxg2+ {[%clk 00:02:29]}
{[%emt 00:00:05]} 27. Kd3 {[%clk 00:15:12]} {[%emt 00:00:50]} c5 {[%clk
00:02:00]} {[%emt 00:00:59]} 28. Rff1 {[%clk 00:11:38]} {[%emt 00:04:02]} cxd4
{[%clk 00:02:11]} {[%emt 00:00:20]} 29. Bxd4 {[%clk 00:11:52]} {[%emt
00:00:16]} Rh2 {[%clk 00:02:25]} {[%emt 00:00:17]} 30. Rac1 {[%clk 00:11:46]}
{[%emt 00:00:36]} Nxe3 {[%clk 00:00:46]} {[%emt 00:02:08]} 31. Qf6 {[%clk
00:07:13]} {[%emt 00:05:04]} Qe2+ {[%clk 00:00:58]} {[%emt 00:00:17]} 0-1

[Event "26th 4NCL Congress"]
[Site "Woodland Grange, Leamington Spa"]
[Date "2021.09.12"]
[Round "5.13"]
[White "Varney, Zoe"]
[Black "Modi, Shyam Jagdish"]
[Result "1/2-1/2"]
[WhiteElo "1998"]
[BlackElo "2249"]
[PlyCount "0"]
[EventDate "2021.09.10"]

1. e4 {[%emt 02:18:34]} c5 {[%emt 00:00:08]} 2. Nf3 {[%emt 00:00:04]} e6 {[%emt
00:00:10]} 3. c3 {[%emt 00:00:03]} Nf6 {[%emt 00:00:15]} 4. Bd3 {[%emt
00:00:10]} d5 {[%emt 00:01:36]} 5. e5 {[%emt 00:00:15]} Nfd7 {[%emt 00:00:29]}
6. Bc2 {[%emt 00:00:10]} Nc6 {[%emt 00:03:59]} 7. d4 {[%emt 00:00:11]} Be7
{[%emt 00:01:14]} 8. O-O {[%emt 00:00:40]} O-O {[%emt 00:07:37]} 9. Re1 {[%emt
00:02:33]} b6 {[%emt 00:03:03]} 10. Re3 {[%emt 00:23:40]} g6 {[%emt 00:13:31]}
11. Nbd2 {[%emt 00:10:47]} Qc7 {[%emt 00:09:47]} 12. h4 {[%emt 00:05:02]} f6
{[%emt 00:12:46]} 13. h5 {[%emt 00:07:42]} fxe5 {[%emt 00:02:36]} 14. hxg6
{[%emt 00:03:53]} e4 {[%emt 00:18:51]} 15. Ne5 {[%emt 00:18:29]} Ncxe5 {[%emt
00:01:54]} 16. gxh7+ {[%emt 00:01:51]} Kh8 {[%emt 00:00:26]} 17. dxe5 {[%emt
00:00:17]} Qxe5 {[%emt 00:02:47]} 18. Nxe4 {[%emt 00:09:47]} dxe4 {[%emt
00:00:52]} 19. Bxe4 {[%emt 00:05:01]} Rb8 {[%emt 00:01:40]} 20. Bc2 {[%emt
00:03:16]} Qc7 {[%emt 00:01:27]} 21. Qh5 {[%emt 00:01:26]} Nf6 {[%emt
00:06:30]} 22. Qg6 {[%emt 00:03:13]} Bd6 {[%emt 00:01:25]} 23. Rf3 {[%emt
00:01:03]} Nxh7 {[%emt 00:06:58]} 24. Rh3 {[%emt 00:00:22]} Rf7 {[%emt
00:00:20]} 25. Bg5 {[%emt 00:00:35]} Be5 {[%emt 00:01:57]} 26. f4 {[%emt
00:00:43]} Rg7 {[%emt 00:02:12]} 1/2-1/2

[Event "26th 4NCL Congress"]
[Site "Woodland Grange, Leamington Spa"]
[Date "2021.09.12"]
[Round "5.14"]
[White "Carroll, Thomas"]
[Black "Thomson, Neil"]
[Result "1-0"]
[WhiteElo "2223"]
[BlackElo "2051"]
[PlyCount "63"]
[EventDate "2021.09.10"]
[WhiteClock "0:16:47"]
[BlackClock "0:06:34"]

1. d4 g6 {[%emt 0:00:06]} 2. e4 {[%emt 0:00:04]} Bg7 {[%emt 0:00:05]} 3. c3 {
[%emt 0:00:05]} d6 {[%emt 0:00:04]} 4. Nf3 {[%emt 0:00:39]} Nf6 {[%emt 0:01:08]
} 5. Bd3 {[%emt 0:00:05]} O-O {[%emt 0:00:16]} 6. O-O {[%emt 0:00:07]} Nc6 {
[%emt 0:01:49]} 7. h3 {[%emt 0:03:09]} e5 {[%emt 0:03:31]} 8. Re1 {[%emt 0:00:
44]} h6 {[%emt 0:05:22]} 9. Bc2 {[%emt 0:08:15]} Re8 {[%emt 0:04:20]} 10. d5 {
[%emt 0:04:17]} Ne7 {[%emt 0:01:03]} 11. c4 {[%emt 0:00:14]} Nd7 {[%emt 0:07:
43]} 12. Nc3 {[%emt 0:02:32]} f5 {[%emt 0:06:51]} 13. exf5 {[%emt 0:00:47]}
gxf5 {[%emt 0:01:19]} 14. Nh4 {[%emt 0:06:10]} Nf6 {[%emt 0:02:19]} 15. Bd2 {
[%emt 0:02:43]} c6 {[%emt 0:05:15]} 16. dxc6 {[%emt 0:04:45]} bxc6 {[%emt 0:00:
21]} 17. Qc1 {[%emt 0:02:37]} f4 {[%emt 0:03:41]} 18. c5 {[%emt 0:07:27]} Ned5
{[%emt 0:13:41]} 19. Bg6 {[%emt 0:10:11]} Rf8 {[%emt 0:05:46]} 20. Nf3 {
[%emt 0:10:59]} Nd7 {[%emt 0:08:07]} 21. cxd6 {[%emt 0:04:10]} Qf6 {[%emt 0:01:
57]} 22. Bd3 {[%emt 0:03:51]} Qxd6 {[%emt 0:02:22]} 23. Ne4 {[%emt 0:02:44]}
Qc7 {[%emt 0:00:42]} 24. Qc2 {[%emt 0:02:20]} N7b6 {[%emt 0:05:36]} 25. b4 {
[%emt 0:01:29]} Bd7 {[%emt 0:02:05]} 26. a4 {[%emt 0:01:31]} Rab8 {[%emt 0:01:
22]} 27. Rac1 {[%emt 0:01:26]} Qc8 {[%emt 0:06:55]} 28. Kh2 {[%emt 0:02:00]}
Qe8 {[%emt 0:00:46]} 29. Nc5 {[%emt 0:01:01]} Rc8 {[%emt 0:03:36]} 30. a5 {
[%emt 0:02:29]} Na8 {[%emt 0:00:42]} 31. Bh7+ {[%emt 0:00:49]} Kh8 {[%emt 0:00:
12]} 32. Nh4 {[%emt 0:00:23]} 1-0

[Event "26th 4NCL Congress"]
[Site "Woodland Grange, Leamington Spa"]
[Date "2021.09.12"]
[Round "5.15"]
[White "Jackson, Edward"]
[Black "Holt, Philip J"]
[Result "1/2-1/2"]
[WhiteElo "2023"]
[BlackElo "2207"]
[PlyCount "0"]
[EventDate "2021.09.10"]

1. e4 {[%clk 01:30:50]} {[%emt 00:00:08]} d6 {[%clk 01:30:53]} {[%emt
00:00:06]} 2. d4 {[%clk 01:31:08]} {[%emt 00:00:12]} g6 {[%clk 01:31:17]}
{[%emt 00:00:06]} 3. Nc3 {[%clk 01:30:48]} {[%emt 00:00:49]} Bg7 {[%clk
01:31:42]} {[%emt 00:00:05]} 4. Be3 {[%clk 01:30:08]} {[%emt 00:01:10]} a6
{[%clk 01:31:47]} {[%emt 00:00:26]} 5. a4 {[%clk 01:28:08]} {[%emt 00:02:30]}
Nf6 {[%clk 01:31:57]} {[%emt 00:00:19]} 6. Qd2 {[%clk 01:27:26]} {[%emt
00:01:14]} O-O {[%clk 01:31:21]} {[%emt 00:01:06]} 7. f3 {[%clk 01:25:03]}
{[%emt 00:02:53]} e5 {[%clk 01:29:02]} {[%emt 00:02:49]} 8. Bc4 {[%clk
01:21:41]} {[%emt 00:03:51]} exd4 {[%clk 01:27:17]} {[%emt 00:02:16]} 9. Bxd4
{[%clk 01:21:58]} {[%emt 00:00:12]} Nc6 {[%clk 01:27:32]} {[%emt 00:00:15]} 10.
Be3 {[%clk 01:22:17]} {[%emt 00:00:11]} Re8 {[%clk 01:26:57]} {[%emt 00:01:06]}
11. Nge2 {[%clk 01:21:53]} {[%emt 00:00:53]} Ne5 {[%clk 01:23:29]} {[%emt
00:03:59]} 12. Bb3 {[%clk 01:21:09]} {[%emt 00:01:13]} Bd7 {[%clk 01:19:02]}
{[%emt 00:04:57]} 13. O-O {[%clk 01:16:55]} {[%emt 00:04:44]} h5 {[%clk
01:12:57]} {[%emt 00:06:36]} 14. Nf4 {[%clk 01:15:05]} {[%emt 00:02:20]} b5
{[%clk 01:09:43]} {[%emt 00:03:45]} 15. axb5 {[%clk 01:09:52]} {[%emt
00:05:43]} axb5 {[%clk 01:09:53]} {[%emt 00:00:20]} 16. Ncd5 {[%clk 01:09:59]}
{[%emt 00:00:20]} Nxd5 {[%clk 01:09:11]} {[%emt 00:01:14]} 17. Nxd5 {[%clk
01:09:38]} {[%emt 00:00:50]} Bc6 {[%clk 01:08:29]} {[%emt 00:01:13]} 18. Bg5
{[%clk 01:06:08]} {[%emt 00:03:59]} Qd7 {[%clk 01:04:13]} {[%emt 00:04:47]} 19.
Nf6+ {[%clk 01:00:04]} {[%emt 00:06:34]} Bxf6 {[%clk 01:04:38]} {[%emt
00:00:05]} 20. Bxf6 {[%clk 01:00:25]} {[%emt 00:00:08]} Kh7 {[%clk 01:04:36]}
{[%emt 00:00:32]} 21. Rxa8 {[%clk 00:57:56]} {[%emt 00:02:59]} Bxa8 {[%clk
01:04:25]} {[%emt 00:00:41]} 22. Qg5 {[%clk 00:56:44]} {[%emt 00:01:41]} c5
{[%clk 00:57:09]} {[%emt 00:07:47]} 23. Rd1 {[%clk 00:56:02]} {[%emt 00:01:12]}
Qc7 {[%clk 00:55:45]} {[%emt 00:01:54]} 24. Bd5 {[%clk 00:53:39]} {[%emt
00:02:52]} Bxd5 {[%clk 00:51:41]} {[%emt 00:04:35]} 25. Rxd5 {[%clk 00:53:44]}
{[%emt 00:00:25]} c4 {[%clk 00:49:49]} {[%emt 00:02:21]} 26. h3 {[%clk
00:51:34]} {[%emt 00:02:41]} Re6 {[%clk 00:41:02]} {[%emt 00:09:16]} 27. Kh2
{[%clk 00:48:04]} {[%emt 00:04:00]} Qa7 {[%clk 00:39:39]} {[%emt 00:01:54]} 28.
Bxe5 {[%clk 00:44:38]} {[%emt 00:03:55]} dxe5 {[%clk 00:38:33]} {[%emt
00:01:36]} 29. Qd2 {[%clk 00:43:24]} {[%emt 00:01:44]} Qb6 {[%clk 00:36:22]}
{[%emt 00:02:42]} 30. Qc3 {[%clk 00:34:17]} {[%emt 00:09:35]} Re8 {[%clk
00:31:14]} {[%emt 00:05:39]} 31. b3 {[%clk 00:31:17]} {[%emt 00:03:31]} cxb3
{[%clk 00:24:15]} {[%emt 00:07:29]} 32. cxb3 {[%clk 00:30:57]} {[%emt
00:00:49]} b4 {[%clk 00:21:41]} {[%emt 00:03:04]} 33. Qc4 {[%clk 00:27:48]}
{[%emt 00:03:39]} Kg7 {[%clk 00:21:08]} {[%emt 00:01:04]} 34. Rb5 {[%clk
00:22:36]} {[%emt 00:05:42]} Qe3 {[%clk 00:20:12]} {[%emt 00:01:25]} 35. Rd5
{[%clk 00:20:11]} {[%emt 00:02:55]} Qf4+ {[%clk 00:18:37]} {[%emt 00:02:05]} 36.
Kh1 {[%clk 00:20:31]} {[%emt 00:00:10]} Ra8 {[%clk 00:18:03]} {[%emt 00:01:05]}
37. Rd1 {[%clk 00:20:43]} {[%emt 00:00:17]} Ra2 {[%clk 00:12:56]} {[%emt
00:05:38]} 38. Qxb4 {[%clk 00:18:19]} {[%emt 00:02:54]} Rf2 {[%clk 00:12:28]}
{[%emt 00:00:57]} 39. Rg1 {[%clk 00:17:24]} {[%emt 00:01:24]} Qg3 {[%clk
00:12:09]} {[%emt 00:00:50]} 40. Qc3 {[%clk 00:17:13]} {[%emt 00:00:40]} g5
{[%clk 00:11:45]} {[%emt 00:00:55]} 41. Qc8 {[%clk 00:16:38]} {[%emt 00:01:05]}
Rb2 {[%clk 00:10:57]} {[%emt 00:01:18]} 42. Qc3 {[%clk 00:16:08]} {[%emt
00:01:00]} Rf2 {[%clk 00:08:33]} {[%emt 00:02:54]} 43. Qc8 {[%clk 00:14:10]}
{[%emt 00:02:27]} 1/2-1/2

[Event "26th 4NCL Congress"]
[Site "Woodland Grange, Leamington Spa"]
[Date "2021.09.12"]
[Round "5.16"]
[White "Yoon, Jacob D"]
[Black "Shearsby, Jude"]
[Result "1-0"]
[WhiteElo "2199"]
[BlackElo "1988"]
[PlyCount "0"]
[EventDate "2021.09.10"]

1. e4 {[%clk 01:30:59]} g6 {[%clk 01:30:24]} {[%emt 00:00:37]} 2. d4 {[%clk
01:31:10]} {[%emt 00:00:18]} Bg7 {[%clk 01:30:39]} {[%emt 00:00:06]} 3. Be3
{[%clk 01:31:00]} {[%emt 00:00:50]} d6 {[%clk 01:30:39]} {[%emt 00:00:29]} 4.
Nc3 {[%clk 01:31:24]} {[%emt 00:00:07]} a6 {[%clk 01:31:02]} {[%emt 00:00:07]}
5. f4 {[%clk 01:31:46]} {[%emt 00:00:08]} b5 {[%clk 01:31:10]} {[%emt
00:00:22]} 6. Nf3 {[%clk 01:32:02]} {[%emt 00:00:14]} Bb7 {[%clk 01:31:18]}
{[%emt 00:00:23]} 7. Bd3 {[%clk 01:30:56]} {[%emt 00:01:36]} Nd7 {[%clk
01:30:46]} {[%emt 00:01:01]} 8. O-O {[%clk 01:28:25]} {[%emt 00:03:01]} Ngf6
{[%clk 01:30:01]} {[%emt 00:01:14]} 9. e5 {[%clk 01:18:11]} {[%emt 00:10:45]}
Nd5 {[%clk 01:24:49]} {[%emt 00:05:43]} 10. Nxd5 {[%clk 01:15:47]} {[%emt
00:02:53]} Bxd5 {[%clk 01:24:46]} {[%emt 00:00:33]} 11. a4 {[%clk 01:15:01]}
{[%emt 00:01:16]} b4 {[%clk 01:18:03]} {[%emt 00:07:13]} 12. c4 {[%clk
01:08:08]} {[%emt 00:07:23]} bxc3 {[%clk 01:15:46]} {[%emt 00:02:47]} 13. bxc3
{[%clk 01:08:30]} {[%emt 00:00:09]} Nb6 {[%emt 00:34:28]} 14. a5 {[%clk
01:06:43]} {[%emt 00:02:14]} Nc4 {[%clk 00:39:58]} {[%emt 00:02:22]} 15. Qa4+
{[%clk 01:07:04]} {[%emt 00:00:09]} Qd7 {[%clk 00:35:28]} {[%emt 00:05:00]} 16.
Bxc4 {[%clk 01:07:28]} {[%emt 00:00:06]} Qxa4 {[%clk 00:35:51]} {[%emt
00:00:06]} 17. Rxa4 {[%clk 01:07:55]} {[%emt 00:00:03]} 1-0